000 00576nam a2200217 a 4500
003 SISC
005 20160601154247.0
008 120910s19uu xx 00 eng d
020 _a9788183569408
050 _aG 155.A1
_b.T468 2011
100 _aThompson, Neil
245 _aRegional tourism /
_cNeil Thompson.
250 _a1st edition.
260 _aNew Delhi, India :
_bDiscovery Pub. House,
_c2011.
300 _a280 pages ;
_c22 cm.
500 _aIncludes index.
650 _aRegional tourism.
650 _aTourism.
942 _cBK
_2lcc
_kFOR
999 _c25513
_d25513